| 000 | 00699cam a2200241Ia 4500 | ||
|---|---|---|---|
| 008 | |||
| 020 | _a9781781007112 (pbk.) | ||
| 049 | _aMAIN | ||
| 090 |
_aBF637.L4 _bPOP |
||
| 100 | 1 | _aPopper, Micha. | |
| 245 | 1 | 0 |
_aFact and fantasy about leadership / _cMicha Popper. |
| 260 |
_aCheltenham : _bEdward Elgar, _c2012. |
||
| 300 |
_aix, 153 p. ; _c24 cm. |
||
| 490 | 1 | _aNew horizons in leadership studies. | |
| 504 | _aIncludes bibliographical references. | ||
| 500 | _aIncludes index. | ||
| 650 | 0 | _aLeadership. | |
| 907 |
_a.b10352272 _b01-12-14 _c01-12-14 |
||
| 003 | |||
| 005 | 20230123122127.0 | ||
| 040 | _cNUST | ||
| 942 |
_cBOOKS _kBF637.L4 _mPOP |
||
| 999 |
_c128260 _d128260 |
||